| 000 | 00658nam a2200217 a 4500 | ||
|---|---|---|---|
| 005 | 20140310183451.0 | ||
| 008 | 090108s19uu xx 00 eng d | ||
| 020 | _a130978007148 | ||
| 050 |
_aTS 156 _b.Sl577 2007 |
||
| 100 | _aSleeper, Andrew D. | ||
| 245 |
_aSix sigma distribution modeling / _cAndrew D. Sleeper |
||
| 260 |
_aNew York : _bMcGraw-Hill Companies, _c2007. |
||
| 300 |
_a442 p. : _bill. ; _c24 cm. |
||
| 521 | _aBSBA | ||
| 650 | _aBSBA. | ||
| 650 |
_aProduction control _xData processing. |
||
| 650 |
_aSystem analysis _xStatistical methods. |
||
| 650 | _aDistribution (Probability theory). | ||
| 942 |
_cBK _2lcc _kFOR |
||
| 999 |
_c23425 _d23425 |
||